000 00523nmm a2200169Ia 4500
008 251105s9999||||xx |||||||||||||||||und||
020 _a9789681673420
041 _aspa
100 _aHenríquez Ureña, Pedro
245 0 _aEstudios mexicanos
264 _a[México D.C., Mexico] :
_bFondo de Cultura Económica,
_c2012
300 _a411 páginas
490 _aConmemorativa 70 Aniversario
650 _aHistory of the Americas: Latin America
856 _uhttps://public.digitaliapublishing.com/a/64438
942 _cCF
999 _c96982
_d96982